Länder mit Diktatur heute - Statistiken

Allgemein
  • Dieses Quiz wurde 344 mal gespielt
  • Das Durchschnittsergebnis liegt bei 7 aus 20
Antwortstatistiken
Länder % Korrekt
Nordkorea
95%
China
73%
Belarus
54%
Syrien
47%
Republik Kongo
46%
Kuba
43%
Turkmenistan
40%
Eritrea
32%
Tadschikistan
32%
Tschad
30%
Kasachstan
26%
Uganda
26%
Ruanda
25%
Aserbaidschan
23%
Burundi
23%
Nicaragua
18%
Simbabwe
18%
Gabun
16%
Äquatorial Guinea
13%
Kamerun
11%
Keine übereinstimmenden Quizze gefunden
Verteilung der Resultate
Anzahl Personen mit jedem Resultat
Perzentil nach korrekt beantworteten Fragen
Ihre Resultats-Entwicklung
Sie haben dieses Quiz noch nicht gespielt